Enciclopedia jurídica Omeba : apéndice /

La Enciclopedia jurídica Omeba fue publicada por vez primera en 1954 en 26 volúmenes; se publicaron posteriormente 7 apéndices de actualización. Con motivo del cincuentenario de la primera edición, se han publicado, casi treinta años después, más apéndices.

محفوظ في:
التفاصيل البيبلوغرافية
مؤلفون آخرون: Angel S., J. Jesús (edición) (edición)
التنسيق: كتاب
اللغة:الإسبانية
منشور في: México : Bibliográfica Omeba, 2005, c2005
الموضوعات:
الوسوم: إضافة وسم
لا توجد وسوم, كن أول من يضع وسما على هذه التسجيلة!

MARC

LEADER 00000nam^a2200000^a^4500
001 000183875
005 20250521000000.0
009 20260310102054.916
037 |a Acervo ITESO - Biblioteca 
041 |a ESP 
082 |a 340. 03  |b ENC-A V. 8 
240 1 1 |a [Enciclopedia jurídica Omeba] 
245 1 0 |a Enciclopedia jurídica Omeba :  |b apéndice /  |c Ed. de J.J. Angel S. 
264 4 |a México :  |b Bibliográfica Omeba,  |c 2005, c2005 
300 |a 2 v. (1022, 2051 p.) 
336 |a texto  |b txt  |2 rdacontenido 
337 |a sin mediación  |b n  |2 rdamedio 
338 |a volumen  |b nc  |2 rdasoporte 
520 |a La Enciclopedia jurídica Omeba fue publicada por vez primera en 1954 en 26 volúmenes; se publicaron posteriormente 7 apéndices de actualización. Con motivo del cincuentenario de la primera edición, se han publicado, casi treinta años después, más apéndices. 
649 |a XX 
650 |a Derecho -  |x Enciclopedias y Diccionarios -  |x Tema Principal 
650 |a Enciclopedias y Diccionarios 
700 |a Angel S., J. Jesús  |e (edición) 
910 |a Fondo General 
920 |a Impresos - Libros 
930 |a Obras de Referencia 
905 |a 102 
901 |a 0500124499  |b IT2  |c REF  |u 20250521 
901 |a 0500124496  |b IT2  |c REF  |u 20250521 
902 |a https://opac.biblio.iteso.mx/vufind/Record/000183875